| 000 | 00000nas##2200000za#4500 |
| 001 | 9.506277 |
| 003 | CaOODSP |
| 005 | 20200331213312 |
| 007 | cr ||||||||||| |
| 008 | 150406c2008||||xxc|| p o||||f| |0eng|d |
| 040 | |aCaOODSP|beng |
| 043 | |an-cn--- |
| 086 | 1 |aCP51-6E-PDF |
| 110 | 1 |aCanada.|bCanada Public Service Agency. |
| 245 | 10|aEmployment equity in the Public Service of Canada : |h[electronic resource]|breport to Parliament |
| 260 | |aOttawa - Ontario : |bCanada Public Service Agency |
| 310 | |aAnnual |
| 362 | 1 |a2005/2006-2006/2007 and 2007/2008 |
| 590 | |a10-15-Supp|b2010-12-10 |
| 690 | 07|aEmployment equity|2gcpds |
| 690 | 07|aPublic service|2gcpds |
| 775 | 08|tL'équité en emploi dans la fonction publique du Canada : |w(CaOODSP)9.502673 |
| 780 | 00|tEmployment equity in the federal public service : |w(CaOODSP)9.507349 |
| 785 | 00|tEmployment equity in the public service of Canada |w(CaOODSP)9.507350 |